000 00311nam a2200133Ia 4500
008 190723s9999 xx 000 0 und d
020 _a978-93-325-8473-0
100 _aHelen Deresky
245 0 _aInternational Management
250 _a9th
260 _aIndia
_bPearson
_c2018
300 _a500.:p
942 _cBK
999 _c1838
_d1838